[Event "CZE-ch U10 2020"]
[Site "Kouty nad Desnou"]
[Date "2020.03.09"]
[Round "3.3"]
[White "Svadlenka, Dominik"]
[Black "Krautschneider, Daniel Jan"]
[Result "1/2-1/2"]
[WhiteElo "1410"]
[BlackElo "1236"]
[Annotator "NA"]
[PlyCount "133"]
[EventDate "2020.03.07"]
[EventCountry "CZE"]
[SourceTitle "playchess.com"]
[Source "ChessBase"]
[SourceQuality "1"]
[TimeControl "5400+30"]

1. d4 {[%emt 0:00:00]} Nf6 {[%emt 0:00:00]} 2. c4 {[%emt 0:00:00]} e6 {[%emt 0:00:01]} 3. Nc3 {[%emt 0:00:00]} Bb4 {[%emt 0:00:09]} 4. Bg5 {[%emt 0:00:22]} h6 {[%emt 0:00:29]} 5. Bh4 {[%emt 0:00:14]} b6 {[%emt 0:00:10]} 6. Nf3 {[%emt 0:01:15]} Bb7 {[%emt 0:00:24]} 7. e3 {[%emt 0:00:34]} d5 {[%emt 0:00:14]} 8. a3 {[%emt 0:00:50]} Bxc3+ {[%emt 0:00:08]} 9. bxc3 {[%emt 0:00:13]} Nbd7 {[%emt 0:00:20]} 10. cxd5 {[%emt 0:01:19]} exd5 {[%emt 0:00:58]} 11. Bd3 {[%emt 0:05:27]} O-O {[%emt 0:01:42]} 12. O-O {[%emt 0:00:13]} c5 {[%emt 0:00:37]} 13. Rb1 {[%emt 0:00:36]} Qc7 {[%emt 0:00:21]} 14. Bg3 {[%emt 0:02:09]} Qc6 {[%emt 0:00:20]} 15. Bb5 {[%emt 0:00:28]} Qe6 {[%emt 0:00:19]} 16. a4 {[%emt 0:00:55]} Ne4 {[%emt 0:00:44]} 17. Qc2 {[%emt 0:04:01]} Rac8 {[%emt 0:04:21]} 18. Qb2 {[%emt 0:10:15]} Ndf6 {[%emt 0:05:42]} 19. Rfc1 {[%emt 0:02:56]} c4 {[%emt 0:00:38]} 20. a5 {[%emt 0:01:13]} a6 {[%emt 0:04:44]} 21. Ba4 {[%emt 0:03:34]} b5 {[%emt 0:00:33]} 22. Bc2 {[%emt 0:05:18]} Nxg3 {[%emt 0:03:21]} 23. hxg3 {[%emt 0:00:19]} Ne4 {[%emt 0:01:37]} 24. Bxe4 {[%emt 0:02:55]} Qxe4 {[%emt 0:01:48]} 25. Ne5 {[%emt 0:08:09]} Bc6 {[%emt 0:00:21]} 26. Qb4 {[%emt 0:00:29]} f6 {[%emt 0:04:36]} 27. Nf3 {[%emt 0:01:22]} Bb7 {[%emt 0:05:35]} 28. Qb2 {[%emt 0:03:50]} Rc7 {[%emt 0:00:59]} 29. Nh4 {[%emt 0:00:20]} g5 {[%emt 0:01:37]} 30. Nf3 {[%emt 0:00:12]} Bc8 {[%emt 0:03:55]} 31. Nd2 {[%emt 0:02:39]} Qh7 {[%emt 0:02:23]} 32. Kh2 {[%emt 0:01:28]} h5 {[%emt 0:01:08]} 33. Rh1 {[%emt 0:01:45]} Bf5 {[%emt 0:01:19]} 34. Rbc1 {[%emt 0:01:18]} Qh8 {[%emt 0:08:31]} 35. Qb4 {[%emt 0:05:17]} Rh7 {[%emt 0:01:27]} 36. Qd6 {[%emt 0:00:27]} h4 {[%emt 0:03:54]} 37. Qxd5+ {[%emt 0:00:38]} Rff7 {[%emt 0:00:28]} 38. g4 {[%emt 0:00:24]} Bxg4 {[%emt 0:06:18]} 39. Qa8+ {[%emt 0:02:04]} Kg7 {[%emt 0:01:11]} 40. Qxa6 {[%emt 0:01:08]} Qb8+ {[%emt 0:02:02]} 41. Kg1 {[%emt 0:01:33]} Ra7 {[%emt 0:03:39]} 42. Qb6 {[%emt 0:00:48]} Qxb6 {[%emt 0:00:38]} 43. axb6 {[%emt 0:00:19]} Ra6 {[%emt 0:00:55]} 44. Rb1 {[%emt 0:00:35]} Rxb6 {[%emt 0:07:03]} 45. Nxc4 {[%emt 0:00:57]} Rc6 {[%emt 0:00:57]} 46. Na3 {[%emt 0:01:17]} Rxc3 {[%emt 0:01:15]} 47. Nxb5 {[%emt 0:00:40]} Rc6 {[%emt 0:00:53]} 48. Ra1 {[%emt 0:01:31]} Kg6 {[%emt 0:00:42]} 49. f3 {[%emt 0:00:43]} Bd7 {[%emt 0:00:10]} 50. Rb1 {[%emt 0:02:51]} Rb6 {[%emt 0:00:13]} 51. Nc3 {[%emt 0:00:08]} Rc6 {[%emt 0:01:05]} 52. Ne4 {[%emt 0:00:45]} Bf5 {[%emt 0:00:21]} 53. Kf2 {[%emt 0:01:19]} Re7 {[%emt 0:00:44]} 54. Rbc1 {[%emt 0:00:45]} Rxc1 {[%emt 0:00:33]} 55. Rxc1 {[%emt 0:00:11]} Bxe4 {[%emt 0:00:06]} 56. fxe4 {[%emt 0:00:14]} Rxe4 {[%emt 0:00:08]} 57. Kf3 {[%emt 0:00:20]} Re8 {[%emt 0:00:17]} 58. d5 {[%emt 0:00:52]} Kf5 {[%emt 0:01:04]} 59. Re1 {[%emt 0:01:42]} g4+ {[%emt 0:01:51]} 60. Kf2 {[%emt 0:01:16]} Ke4 {[%emt 0:01:28]} 61. d6 {[%emt 0:01:09]} Ke5 {[%emt 0:00:53]} 62. d7 {[%emt 0:01:03]} Rd8 {[%emt 0:00:08]} 63. Rd1 {[%emt 0:00:17]} Ke6 {[%emt 0:00:11]} 64. Rd4 {[%emt 0:00:20]} f5 {[%emt 0:00:42]} 65. Rf4 {[%emt 0:02:12]} Rxd7 {[%emt 0:00:47]} 66. e4 {[%emt 0:00:35]} Ke5 {[%emt 0:03:50]} 67. Rxf5+ {[%emt 0:00:43]} 1/2-1/2

[Event "CZE-ch U10 2020"]
[Site "Kouty nad Desnou"]
[Date "2020.03.09"]
[Round "3.4"]
[White "Stefaniv, Vladyslav"]
[Black "Bouska, Jiri"]
[Result "0-1"]
[WhiteElo "1265"]
[BlackElo "1643"]
[Annotator "NA RC"]
[PlyCount "56"]
[EventDate "2020.03.07"]
[EventCountry "CZE"]
[SourceTitle "playchess.com"]
[Source "ChessBase"]
[SourceQuality "1"]
[TimeControl "5400+30"]

1. e4 {[%emt 0:00:00]} c5 {[%emt 0:00:20]} 2. c4 {[%emt 0:00:00]} Nc6 {[%emt 0:00:49]} 3. Nf3 {[%emt 0:03:28]} g6 {[%emt 0:00:34]} 4. d4 {[%emt 0:01:42]} cxd4 {[%emt 0:02:32]} 5. Nxd4 {[%emt 0:00:09]} Bg7 {[%emt 0:00:06]} 6. Be3 {[%emt 0:00:39]} Nf6 {[%emt 0:01:01]} 7. Nc3 {[%emt 0:00:39]} O-O {[%emt 0:00:44]} 8. Be2 {[%emt 0:10:00]} a6 9. O-O Nxd4 {[%emt 0:08:21]} 10. Bxd4 {[%emt 0:01:03]} d6 11. f4 {[%emt 0:13:51]} Bd7 {[%emt 0:03:58]} 12. Rc1 {[%emt 0:06:43]} Rc8 {[%emt 0:01:05]} 13. Bd3 {[%emt 0:12:47]} Bg4 {[%emt 0:00:50]} 14. Qd2 {[%emt 0:01:06]} Qa5 {[%emt 0:02:32]} 15. Be3 {[%emt 0:02:06]} Qd8 {[%emt 0:09:43]} 16. Qc2 {[%emt 0:06:24]} Be6 {[%emt 0:00:47]} 17. Ne2 {[%emt 0:14:07]} Ng4 {[%emt 0:00:46]} 18. Bf2 {[%emt 0:05:05]} Nxf2 {[%emt 0:00:45]} 19. Rxf2 {[%emt 0:00:16]} b5 {[%emt 0:00:09]} 20. Qb3 {[%emt 0:01:54]} bxc4 {[%emt 0:00:41]} 21. Bxc4 {[%emt 0:00:13]} Rb8 {[%emt 0:00:20]} 22. Qa4 {[%emt 0:02:21]} Bxc4 {[%emt 0:00:33]} 23. Qxc4 {[%emt 0:00:26]} Rxb2 {[%emt 0:00:31]} 24. Qxa6 {[%emt 0:01:08]} Qd7 {[%emt 0:00:58]} 25. h3 {[%emt 0:02:31]} Qe6 {[%emt 0:00:39]} 26. a4 {[%emt 0:05:01]} Qxe4 {[%emt 0:00:08]} 27. Nc3 {[%emt 0:01:16]} Bxc3 {[%emt 0:00:12]} 28. Rxc3 {[%emt 0:00:15]} Qe1+ {[%emt 0:00:04]} 0-1

[Event "CZE-ch U10 2020"]
[Site "Kouty nad Desnou"]
[Date "2020.03.09"]
[Round "3.5"]
[White "Popov, Roman"]
[Black "Policar, Martin"]
[Result "1-0"]
[WhiteElo "2353"]
[BlackElo "1264"]
[Annotator "TA"]
[PlyCount "61"]
[EventDate "2020.03.07"]
[EventCountry "CZE"]
[SourceTitle "playchess.com"]
[Source "ChessBase"]
[SourceQuality "1"]

{[%evp 17,60,16,29,13,50,28,47,0,0,-15,-2,-22,10,17,12,0,114,72,381,268,373,370,663,631,1347,1331,1465,1456,1627,1613,2185,2128,1938,1596,2197,1932,29993,29994,29994,29995,29995,29996,29998,29999,29999]} 1. d4 d5 2. c4 e6 3. Nf3 Nf6 4. g3 c5 5. cxd5 exd5 6. Bg2 Be7 7. O-O O-O 8. dxc5 Bxc5 9. b3 Nc6 10. Bb2 {D30: Queen's Gambit Declined: Systems without Nc3.} d4 11. Na3 Bg4 {[#]} 12. Nc4 $146 (12. Nb5 $14) ({Predecessor:} 12. Nc2 Qb6 13. Ncxd4 Rad8 14. e3 Bxd4 15. exd4 Nb4 16. Qd2 Rfe8 17. Rfe1 Ne4 18. Qf4 {1-0 (54) Pcola,P (2393)-Janousek,P (2176) Tatranske Zruby 2012}) 12... Re8 $11 13. h3 Bh5 14. Rc1 b6 15. g4 Bg6 16. a3 $36 {[%mdl 2048] White fights for an advantage.} b5 (16... a5 $11) 17. Ncd2 Qd5 $2 {[%mdl 8192] This move loses the game for Black.} (17... Qd6 $16) 18. b4 Bb6 19. Nxd4 {[%mdl 64] [#] Pin, Discovered Attack} Be4 $2 (19... Qa2) 20. Nxe4 $18 Qe5 21. Nxf6+ gxf6 22. Bxc6 Bc7 23. Nf3 Qf4 24. Bxa8 Bb6 25. Bd4 Bc7 26. Qd2 Re3 27. Bxe3 {White mates.} Qh2+ 28. Nxh2 Bxh2+ 29. Kxh2 a5 30. Bh6 {[%cal Rd2d8]} a4 31. Qd8# {Accuracy: White = 82%, Black = 17%.} 1-0

[Event "CZE-ch U10 2020"]
[Site "Kouty nad Desnou"]
[Date "2020.03.09"]
[Round "3.6"]
[White "Ruzicka, Oto"]
[Black "Stary, Vojtech"]
[Result "0-1"]
[WhiteElo "1168"]
[BlackElo "1559"]
[Annotator "NA"]
[PlyCount "102"]
[EventDate "2020.03.07"]
[EventCountry "CZE"]
[SourceTitle "playchess.com"]
[Source "ChessBase"]
[SourceQuality "1"]
[TimeControl "5400+30"]

1. e4 {[%emt 0:00:00]} e5 {[%emt 0:00:00]} 2. f4 {[%emt 0:00:00]} exf4 {[%emt 0:00:00]} 3. Nf3 {[%emt 0:00:00]} Be7 {[%emt 0:00:00]} 4. Bc4 {[%emt 0:00:40]} Bh4+ {[%emt 0:00:00]} 5. Kf1 {[%emt 0:00:39]} Be7 {[%emt 0:00:15]} 6. Nc3 {[%emt 0:01:55]} d6 {[%emt 0:04:39]} 7. d4 {[%emt 0:00:55]} Nf6 {[%emt 0:02:41]} 8. Bxf4 {[%emt 0:01:51]} O-O {[%emt 0:02:05]} 9. Ke2 {[%emt 0:02:01]} Bg4 {[%emt 0:06:22]} 10. Rf1 {[%emt 0:04:04]} Nbd7 {[%emt 0:04:08]} 11. a3 {[%emt 0:04:56]} Nb6 {[%emt 0:01:13]} 12. Ba2 {[%emt 0:00:40]} d5 {[%emt 0:02:23]} 13. Qd3 {[%emt 0:08:32]} dxe4 {[%emt 0:04:26]} 14. Nxe4 {[%emt 0:01:30]} Nbd5 {[%emt 0:01:58]} 15. Bg3 {[%emt 0:02:59]} c6 {[%emt 0:08:22]} 16. Kf2 {[%emt 0:02:21]} Nxe4+ {[%emt 0:05:03]} 17. Qxe4 {[%emt 0:02:15]} Be6 {[%emt 0:04:24]} 18. Kg1 {[%emt 0:06:05]} Bf6 {[%emt 0:06:33]} 19. Rad1 {[%emt 0:07:00]} Qb6 {[%emt 0:04:49]} 20. Bd6 {[%emt 0:07:37]} Rfd8 {[%emt 0:07:37]} 21. c4 {[%emt 0:08:07]} Rxd6 {[%emt 0:08:02]} 22. c5 {[%emt 0:02:44]} Qxb2 {[%emt 0:00:57]} 23. Rf2 {[%emt 0:03:31]} Qxa3 {[%emt 0:01:15]} 24. cxd6 {[%emt 0:03:52]} Qxd6 {[%emt 0:00:38]} 25. Ne5 {[%emt 0:02:17]} Nc3 {[%emt 0:04:45]} 26. Qe1 {[%emt 0:11:13]} Nxd1 {[%emt 0:00:59]} 27. Qxd1 {[%emt 0:00:41]} Bxa2 {[%emt 0:02:38]} 28. Nf3 {[%emt 0:01:38]} Be6 {[%emt 0:01:54]} 29. Rb2 {[%emt 0:00:41]} Qd7 {[%emt 0:02:28]} 30. Rd2 {[%emt 0:01:07]} Bg4 {[%emt 0:01:26]} 31. Ne5 {[%emt 0:01:43]} Bxd1 {[%emt 0:02:16]} 32. Nxd7 {[%emt 0:00:16]} Bg4 {[%emt 0:00:40]} 33. Nc5 {[%emt 0:00:29]} b5 {[%emt 0:01:03]} 34. Na6 {[%emt 0:01:10]} h6 {[%emt 0:00:41]} 35. Nb4 {[%emt 0:01:06]} c5 {[%emt 0:02:05]} 36. dxc5 {[%emt 0:00:18]} Bc3 {[%emt 0:00:48]} 37. Rd3 {[%emt 0:00:55]} Bxb4 {[%emt 0:00:22]} 38. Rd4 {[%emt 0:00:20]} Bxc5 {[%emt 0:00:00]} 39. Kf2 {[%emt 0:00:18]} Bxd4+ {[%emt 0:00:00]} 40. Kg3 {[%emt 0:00:41]} Be6 {[%emt 0:00:00]} 41. Kf4 {[%emt 0:00:15]} b4 42. Ke4 {[%emt 0:00:25]} Bf6 {[%emt 0:00:00]} 43. Kd3 {[%emt 0:00:25]} b3 {[%emt 0:00:00]} 44. Kd2 {[%emt 0:00:33]} b2 {[%emt 0:00:00]} 45. Kc2 {[%emt 0:00:18]} Bf5+ {[%emt 0:00:00]} 46. Kd2 {[%emt 0:00:38]} b1=Q {[%emt 0:00:00]} 47. Ke3 {[%emt 0:00:22]} Qe4+ {[%emt 0:00:00]} 48. Kf2 {[%emt 0:00:20]} Qd3 {[%emt 0:00:00]} 49. g3 {[%emt 0:00:26]} Rb8 {[%emt 0:00:00]} 50. Ke1 {[%emt 0:01:09]} Qc2 {[%emt 0:00:00]} 51. Kf1 {[%emt 0:00:25]} Rb1# 0-1

[Event "CZE-ch U10 2020"]
[Site "Kouty nad Desnou"]
[Date "2020.03.09"]
[Round "3.7"]
[White "Roubal, Matyas"]
[Black "Bulawa, Adam"]
[Result "0-1"]
[WhiteElo "1380"]
[BlackElo "1014"]
[Annotator "NA"]
[PlyCount "92"]
[EventDate "2020.03.07"]
[EventCountry "CZE"]
[SourceTitle "playchess.com"]
[Source "ChessBase"]
[SourceQuality "1"]
[TimeControl "5400+30"]

1. e4 {[%emt 0:00:00]} c5 {[%emt 0:00:00]} 2. Nf3 {[%emt 0:00:00]} a6 {[%emt 0:00:00]} 3. Nc3 {[%emt 0:00:00]} Nc6 {[%emt 0:00:18]} 4. g3 {[%emt 0:02:19]} e5 {[%emt 0:00:40]} 5. Bg2 {[%emt 0:00:55]} Nf6 {[%emt 0:00:19]} 6. d3 {[%emt 0:01:04]} Be7 {[%emt 0:00:21]} 7. O-O {[%emt 0:01:09]} d6 {[%emt 0:00:11]} 8. Bg5 {[%emt 0:01:32]} h6 {[%emt 0:00:17]} 9. Bxf6 {[%emt 0:00:14]} Bxf6 {[%emt 0:00:17]} 10. Nd5 {[%emt 0:00:16]} O-O {[%emt 0:00:59]} 11. Nd2 {[%emt 0:12:41]} Re8 {[%emt 0:01:50]} 12. Nc4 {[%emt 0:01:36]} b5 {[%emt 0:03:28]} 13. Nce3 {[%emt 0:01:23]} Ra7 {[%emt 0:05:09]} 14. h4 {[%emt 0:10:14]} Nb4 {[%emt 0:04:42]} 15. Nxb4 {[%emt 0:07:14]} cxb4 {[%emt 0:00:12]} 16. Nd5 {[%emt 0:00:10]} a5 {[%emt 0:00:44]} 17. Qh5 {[%emt 0:04:50]} Be6 {[%emt 0:03:58]} 18. Kh2 {[%emt 0:10:10]} Bxd5 {[%emt 0:08:15]} 19. exd5 {[%emt 0:00:14]} Rc7 {[%emt 0:02:54]} 20. Rac1 {[%emt 0:04:06]} e4 {[%emt 0:06:46]} 21. Bxe4 {[%emt 0:09:21]} Bxb2 {[%emt 0:00:19]} 22. Rce1 {[%emt 0:03:03]} Re5 {[%emt 0:00:57]} 23. Qf3 {[%emt 0:01:32]} Qd7 {[%emt 0:04:29]} 24. g4 {[%emt 0:04:29]} g6 {[%emt 0:07:53]} 25. Qg2 {[%emt 0:02:15]} Qe7 {[%emt 0:03:53]} 26. Qh3 {[%emt 0:03:36]} Rxc2 {[%emt 0:06:12]} 27. Kh1 {[%emt 0:01:36]} Bd4 {[%emt 0:02:11]} 28. f4 {[%emt 0:02:12]} Bc3 {[%emt 0:01:54]} 29. fxe5 {[%emt 0:02:07]} Bxe1 {[%emt 0:00:31]} 30. Rxe1 {[%emt 0:00:05]} Qxe5 {[%emt 0:00:29]} 31. d4 {[%emt 0:02:27]} Qe7 {[%emt 0:01:54]} 32. Qg3 {[%emt 0:01:11]} Rc3 {[%emt 0:00:54]} 33. Qh2 {[%emt 0:02:08]} Kh8 {[%emt 0:02:30]} 34. Kg1 {[%emt 0:00:39]} f5 {[%emt 0:00:45]} 35. Qf4 {[%emt 0:02:36]} fxe4 {[%emt 0:02:42]} 36. Rxe4 {[%emt 0:00:13]} Rc1+ {[%emt 0:01:39]} 37. Kg2 {[%emt 0:01:08]} Rc2+ {[%emt 0:00:17]} 38. Kf1 {[%emt 0:00:17]} Qg7 {[%emt 0:02:26]} 39. Re8+ {[%emt 0:00:28]} Kh7 {[%emt 0:00:18]} 40. Qe3 {[%emt 0:02:18]} Qf7+ {[%emt 0:01:55]} 41. Ke1 {[%emt 0:00:40]} Rc7 {[%emt 0:01:02]} 42. Qe6 {[%emt 0:01:11]} Rc1+ {[%emt 0:04:04]} 43. Ke2 {[%emt 0:00:23]} Qf1+ {[%emt 0:00:45]} 44. Kd2 {[%emt 0:00:10]} Qf4+ {[%emt 0:00:52]} 45. Qe3 {[%emt 0:00:22]} Qxe3+ {[%emt 0:00:59]} 46. Kxe3 {[%emt 0:00:21]} Re1+ {[%emt 0:00:06]} 0-1

[Event "CZE-ch U10 2020"]
[Site "Kouty nad Desnou"]
[Date "2020.03.09"]
[Round "3.8"]
[White "Svadlenka, Michal"]
[Black "Stejskal, Jakub"]
[Result "1-0"]
[WhiteElo "1309"]
[BlackElo "1557"]
[Annotator "NA RC"]
[PlyCount "45"]
[EventDate "2020.03.07"]
[EventCountry "CZE"]
[SourceTitle "playchess.com"]
[Source "ChessBase"]
[SourceQuality "1"]
[TimeControl "5400+30"]

1. e4 {[%emt 0:00:00]} e5 {[%emt 0:00:00]} 2. Nf3 {[%emt 0:00:07]} Nc6 {[%emt 0:00:46]} 3. Bc4 {[%emt 0:00:30]} Bc5 {[%emt 0:00:52]} 4. c3 {[%emt 0:00:48]} Nf6 {[%emt 0:08:00]} 5. d3 {[%emt 0:02:56]} d6 {[%emt 0:04:12]} 6. Nbd2 {[%emt 0:03:39]} Be6 {[%emt 0:02:31]} 7. Bb3 {[%emt 0:03:30]} O-O {[%emt 0:04:38]} 8. Nf1 {[%emt 0:04:08]} Ng4 {[%emt 0:01:02]} 9. d4 {[%emt 0:02:17]} exd4 {[%emt 0:03:44]} 10. cxd4 {[%emt 0:02:10]} Bxb3 {[%emt 0:07:05]} 11. axb3 {[%emt 0:02:37]} Bb4+ {[%emt 0:10:01]} 12. Bd2 {[%emt 0:02:04]} Bxd2+ {[%emt 0:02:49]} 13. Qxd2 {[%emt 0:02:14]} Re8 {[%emt 0:07:10]} 14. Ng3 {[%emt 0:03:51]} Nf6 {[%emt 0:02:30]} 15. Qf4 {[%emt 0:04:54]} Qe7 {[%emt 0:02:40]} 16. O-O {[%emt 0:04:02]} Nxe4 {[%emt 0:06:21]} 17. Rfe1 {[%emt 0:01:19]} d5 {[%emt 0:04:39]} 18. Rac1 {[%emt 0:04:07]} Rad8 {[%emt 0:09:45]} 19. Ne5 {[%emt 0:05:11]} Nxe5 {[%emt 0:03:24]} 20. dxe5 {[%emt 0:00:52]} Qxe5 {[%emt 0:03:31]} 21. Qxe5 {[%emt 0:01:03]} Rxe5 {[%emt 0:03:20]} 22. Rxc7 {[%emt 0:00:59]} Rb8 {[%emt 0:03:20]} 23. f3 {[%emt 0:01:25]} 1-0

[Event "CZE-ch U10 2020"]
[Site "Kouty nad Desnou"]
[Date "2020.03.09"]
[Round "3.9"]
[White "Komarek, Tobias"]
[Black "Vana, Jan"]
[Result "0-1"]
[WhiteElo "1235"]
[BlackElo "1268"]
[Annotator "NA RC"]
[PlyCount "98"]
[EventDate "2020.03.07"]
[EventCountry "CZE"]
[SourceTitle "playchess.com"]
[Source "ChessBase"]
[SourceQuality "1"]
[TimeControl "5400+30"]

1. e4 {[%emt 0:00:00]} c5 {[%emt 0:00:01]} 2. Nf3 {[%emt 0:00:00]} Nc6 {[%emt 0:00:28]} 3. d4 {[%emt 0:00:05]} cxd4 {[%emt 0:00:34]} 4. Nxd4 {[%emt 0:00:12]} g6 {[%emt 0:00:50]} 5. c4 {[%emt 0:00:13]} Bg7 {[%emt 0:01:00]} 6. Be3 {[%emt 0:00:12]} Nf6 {[%emt 0:00:59]} 7. Nc3 {[%emt 0:00:09]} O-O {[%emt 0:00:20]} 8. Be2 {[%emt 0:00:15]} Qa5 {[%emt 0:03:26]} 9. O-O {[%emt 0:01:00]} d6 {[%emt 0:00:54]} 10. a3 {[%emt 0:01:55]} Nxd4 {[%emt 0:02:14]} 11. Bxd4 {[%emt 0:00:53]} Be6 {[%emt 0:03:23]} 12. Nd5 {[%emt 0:05:33]} Bxd5 {[%emt 0:01:34]} 13. cxd5 {[%emt 0:00:53]} Nxe4 {[%emt 0:01:31]} 14. Bxg7 {[%emt 0:02:36]} Kxg7 {[%emt 0:00:12]} 15. Re1 {[%emt 0:00:19]} Qb6 {[%emt 0:02:00]} 16. Rf1 {[%emt 0:02:23]} Rac8 {[%emt 0:01:58]} 17. Bf3 {[%emt 0:02:24]} Nf6 {[%emt 0:00:50]} 18. Re1 {[%emt 0:03:03]} Rc7 {[%emt 0:01:41]} 19. Qd2 {[%emt 0:02:06]} Rfc8 {[%emt 0:03:39]} 20. b4 {[%emt 0:03:31]} Rc2 {[%emt 0:01:20]} 21. Qe3 {[%emt 0:01:28]} Qxe3 {[%emt 0:00:09]} 22. Rxe3 {[%emt 0:01:01]} Rc1+ {[%emt 0:00:04]} 23. Re1 {[%emt 0:00:14]} Rxa1 {[%emt 0:00:08]} 24. Rxa1 {[%emt 0:00:10]} Nd7 {[%emt 0:00:22]} 25. Bg4 {[%emt 0:00:37]} Rc7 {[%emt 0:00:42]} 26. Bxd7 {[%emt 0:00:47]} Rxd7 {[%emt 0:00:01]} 27. Rc1 {[%emt 0:00:18]} Kf6 {[%emt 0:00:35]} 28. Rc3 {[%emt 0:02:10]} Ke5 {[%emt 0:00:56]} 29. Rf3 {[%emt 0:00:26]} f6 {[%emt 0:00:16]} 30. Rh3 {[%emt 0:00:21]} h5 {[%emt 0:00:06]} 31. Rg3 {[%emt 0:01:28]} g5 {[%emt 0:00:10]} 32. h4 {[%emt 0:00:59]} g4 {[%emt 0:00:16]} 33. Rd3 {[%emt 0:01:05]} f5 {[%emt 0:00:54]} 34. Kf1 {[%emt 0:01:26]} f4 {[%emt 0:03:28]} 35. Ke2 {[%emt 0:03:41]} Rc7 {[%emt 0:04:44]} 36. g3 {[%emt 0:02:59]} Ke4 {[%emt 0:01:47]} 37. gxf4 {[%emt 0:01:34]} Rc2+ {[%emt 0:00:11]} 38. Rd2 {[%emt 0:00:10]} Rxd2+ {[%emt 0:00:08]} 39. Kxd2 {[%emt 0:00:32]} Kxf4 {[%emt 0:00:02]} 40. Kd3 {[%emt 0:01:49]} Kf3 {[%emt 0:00:35]} 41. Kc4 {[%emt 0:00:51]} Kxf2 {[%emt 0:00:12]} 42. b5 {[%emt 0:00:33]} g3 {[%emt 0:00:07]} 43. Kb4 {[%emt 0:00:31]} g2 {[%emt 0:00:16]} 44. Ka5 {[%emt 0:00:13]} g1=Q {[%emt 0:00:14]} 45. Ka4 {[%emt 0:00:26]} Qd1+ {[%emt 0:00:04]} 46. Kb4 {[%emt 0:00:13]} Qd2+ {[%emt 0:00:05]} 47. Ka4 {[%emt 0:00:14]} Qc2+ {[%emt 0:00:16]} 48. Ka5 {[%emt 0:00:26]} Qc4 {[%emt 0:00:24]} 49. a4 {[%emt 0:00:48]} Qc3# 0-1

[Event "CZE-ch U10 2020"]
[Site "Kouty nad Desnou"]
[Date "2020.03.09"]
[Round "3.10"]
[White "Chernyy, Andrey"]
[Black "Melnikov, Ivan"]
[Result "1/2-1/2"]
[WhiteElo "1208"]
[BlackElo "1253"]
[Annotator "NA RC"]
[PlyCount "69"]
[EventDate "2020.03.07"]
[EventCountry "CZE"]
[SourceTitle "playchess.com"]
[Source "ChessBase"]
[SourceQuality "1"]
[TimeControl "5400+30"]

1. e4 {[%emt 0:00:00]} d5 2. exd5 {[%emt 0:00:00]} Nf6 {[%emt 0:00:00]} 3. Nc3 {[%emt 0:00:44]} Nxd5 {[%emt 0:00:15]} 4. Nf3 {[%emt 0:00:55]} Nc6 {[%emt 0:01:10]} 5. d4 {[%emt 0:01:53]} Bf5 {[%emt 0:02:01]} 6. a3 {[%emt 0:01:02]} e6 {[%emt 0:01:52]} 7. Be2 {[%emt 0:01:19]} Be7 {[%emt 0:03:07]} 8. O-O {[%emt 0:00:58]} Bf6 {[%emt 0:01:19]} 9. Nxd5 {[%emt 0:00:38]} Qxd5 {[%emt 0:00:15]} 10. Be3 {[%emt 0:00:31]} O-O-O {[%emt 0:01:09]} 11. c3 {[%emt 0:01:07]} h5 {[%emt 0:01:17]} 12. b4 {[%emt 0:01:24]} g5 {[%emt 0:00:51]} 13. b5 {[%emt 0:02:10]} g4 {[%emt 0:05:51]} 14. bxc6 {[%emt 0:04:15]} gxf3 {[%emt 0:00:11]} 15. Bxf3 {[%emt 0:00:26]} Be4 {[%emt 0:00:16]} 16. cxb7+ {[%emt 0:00:37]} Kb8 {[%emt 0:00:28]} 17. Bxe4 {[%emt 0:00:22]} Qxe4 {[%emt 0:00:11]} 18. Re1 {[%emt 0:00:41]} Rdg8 {[%emt 0:01:45]} 19. g3 {[%emt 0:02:39]} Qd5 {[%emt 0:01:04]} 20. Rc1 {[%emt 0:03:34]} Qc4 {[%emt 0:03:29]} 21. Qc2 {[%emt 0:05:00]} h4 {[%emt 0:01:15]} 22. Qe4 {[%emt 0:01:01]} Be7 {[%emt 0:03:07]} 23. Bd2 {[%emt 0:04:29]} Rg6 {[%emt 0:04:57]} 24. Re3 {[%emt 0:04:04]} f5 {[%emt 0:00:43]} 25. Qe5 {[%emt 0:03:22]} Rgh6 {[%emt 0:01:39]} 26. Re2 {[%emt 0:01:16]} Bd6 {[%emt 0:01:07]} 27. Qe3 {[%emt 0:04:04]} Qd5 {[%emt 0:01:53]} 28. c4 {[%emt 0:01:45]} Qc6 {[%emt 0:03:45]} 29. Qd3 {[%emt 0:00:20]} Rg6 {[%emt 0:15:04]} 30. Re3 {[%emt 0:03:10]} hxg3 {[%emt 0:04:11]} 31. fxg3 {[%emt 0:00:34]} Rg4 {[%emt 0:06:45]} 32. d5 {[%emt 0:03:06]} exd5 {[%emt 0:00:21]} 33. cxd5 {[%emt 0:00:29]} Qd7 {[%emt 0:00:27]} 34. Rc4 {[%emt 0:02:42]} Qh7 {[%emt 0:02:03]} 35. Re2 {[%emt 0:01:48]} 1/2-1/2